N5 health & food technology : (Record no. 119356)
[ view plain ]
| 000 -LEADER | |
|---|---|
| fixed length control field | 00708nam a2200229 a 4500 |
| 008 - FIXED-LENGTH DATA ELEMENTS--GENERAL INFORMATION | |
| fixed length control field | |
| 020 ## - INTERNATIONAL STANDARD BOOK NUMBER | |
| International Standard Book Number | 9780007504824 (pbk.) |
| 049 ## - LOCAL HOLDINGS (OCLC) | |
| Holding library | MAIN |
| 090 ## - LOCALLY ASSIGNED LC-TYPE CALL NUMBER (OCLC); LOCAL CALL NUMBER (RLIN) | |
| Classification number (OCLC) (R) ; Classification number, CALL (RLIN) (NR) | RA440.3.G7 |
| Local cutter number (OCLC) ; Book number/undivided call number, CALL (RLIN) | CAM |
| 003 - CONTROL NUMBER IDENTIFIER | |
| control field | |
| 005 - DATE AND TIME OF LATEST TRANSACTION | |
| control field | 20230120204225.0 |
| 040 ## - CATALOGING SOURCE | |
| Transcribing agency | NUST |
| 100 1# - MAIN ENTRY--PERSONAL NAME | |
| Personal name | Cameron, Katrina. |
| 245 10 - TITLE STATEMENT | |
| Title | N5 health & food technology : |
| Remainder of title | success guide / |
| Statement of responsibility, etc. | Katrina Cameron, Karen Coull [and] Gail Reid. |
| 260 ## - PUBLICATION, DISTRIBUTION, ETC. | |
| Place of publication, distribution, etc. | Glagsaw : |
| Name of publisher, distributor, etc. | Leckie & Leckie Ltd, |
| Date of publication, distribution, etc. | 2013 |
| 300 ## - PHYSICAL DESCRIPTION | |
| Extent | 115 p. : |
| Other physical details | col. ill. ; |
| Dimensions | 26 cm. |
| 650 #1 - SUBJECT ADDED ENTRY--TOPICAL TERM | |
| Topical term or geographic name entry element | Health education--Study and teaching |
| 700 ## - ADDED ENTRY--PERSONAL NAME | |
| Personal name | Reid, Gail. |
| 700 ## - ADDED ENTRY--PERSONAL NAME | |
| Personal name | Coull, Karen. |
| 907 ## - LOCAL DATA ELEMENT G, LDG (RLIN) | |
| a | .b10384844 |
| b | 29-09-17 |
| c | 28-09-17 |
| 942 ## - ADDED ENTRY ELEMENTS (KOHA) | |
| Koha item type | Ordinary Loan Books |
| Call number prefix | RA440.3.G7 |
| Call number suffix | CAM |
| Date last seen | Total Checkouts | Full call number | Barcode | Cost, replacement price | Price effective from | Koha item type | Lost status | Source of classification or shelving scheme | Damaged status | Not for loan | Collection | Withdrawn status | Home library | Current library | Shelving location | Date acquired | Cost, normal purchase price |
|---|---|---|---|---|---|---|---|---|---|---|---|---|---|---|---|---|---|
| 01/20/2023 | RA440.3.G7 CAM | 92004043087 | 80.00 | 01/20/2023 | BOOKS | LCC | NFIC | Medical | Medical | GEN | 01/20/2023 | 80.00 |